[Event "ITA-ch sf 80th"]
[Site "Civitanova Marche"]
[Date "2021.07.25"]
[Round "9"]
[White "Rossini, Fulvio"]
[Black "Palozza, Christian"]
[Result "0-1"]
[WhiteElo "2142"]
[BlackElo "2311"]
[PlyCount "34"]
[EventDate "2021.07.17"]
[EventType "swiss"]
[EventRounds "9"]
[EventCountry "ITA"]
[SourceTitle "CBM 203 Extra"]
[Source "ChessBase"]
[SourceDate "2021.09.30"]
[SourceVersion "1"]
[SourceVersionDate "2021.09.30"]
[SourceQuality "1"]

1. e4 c6 2. d4 d5 3. e5 c5 4. dxc5 e6 5. Nf3 Bxc5 6. Bd3 Ne7 7. 0-0 Ng6 8. a3 a6 9. Qe2 Nc6 10. Nc3 0-0 11. Bg5 Qc7 12. Rae1 Nd4 13. Nxd4 Bxd4 14. Qh5 Bxe5 15. Be7 Bxc3 16. bxc3 Qxe7 17. g4 Qh4 0-1

[Event "Vimercate op"]
[Site "Vimercate"]
[Date "2018.11.24"]
[Round "3"]
[White "Vezzosi, Paolo"]
[Black "Rossini, Fulvio"]
[Result "1-0"]
[WhiteElo "2299"]
[BlackElo "2096"]
[PlyCount "85"]
[EventDate "2018.11.23"]
[EventType "swiss"]
[EventRounds "5"]
[EventCountry "ITA"]
[SourceTitle "CBM 187 Extra"]
[Source "ChessBase"]
[SourceDate "2018.11.04"]
[SourceVersion "1"]
[SourceVersionDate "2018.11.04"]
[SourceQuality "1"]

1. d4 Nf6 2. c4 g6 3. Nc3 Bg7 4. e4 d6 5. Be2 0-0 6. Be3 Nbd7 7. Nf3 e5 8. 0-0 Re8 9. d5 Nc5 10. Nd2 a5 11. a3 b6 12. b4 Nb7 13. h3 h6 14. Rc1 axb4 15. axb4 Nxe4 16. Ndxe4 f5 17. f3 fxe4 18. fxe4 Bd7 19. Bg4 Ra3 20. Bxd7 Qxd7 21. Qd2 Kh7 22. Ra1 Rxa1 23. Rxa1 Rb8 24. Ra7 Qc8 25. Qa2 Bf6 26. Qf2 Bg7 27. Qf7 Ra8 28. Rxa8 Qxa8 29. Nb5 Qa1+ 30. Kh2 Qe1 31. Nxc7 Nd8 32. Qf2 Qxb4 33. Bxb6 Qa4 34. Nb5 Nb7 35. Qe2 h5 36. Be3 Bh6 37. Bxh6 Kxh6 38. Qe3+ Kg7 39. Qb6 Nc5 40. Qc7+ Kh6 41. Nxd6 Nd3 42. Nf7+ Kg7 43. Nxe5+ 1-0

[Event "Biella op-A 7th"]
[Site "Biella"]
[Date "2016.09.23"]
[Round "1.8"]
[White "Rossini, Fulvio"]
[Black "Sgnaolin, Davide"]
[Result "0-1"]
[WhiteElo "1989"]
[BlackElo "2249"]
[PlyCount "54"]
[EventDate "2016.09.23"]
[EventType "swiss"]
[EventRounds "5"]
[EventCountry "ITA"]
[SourceTitle "EXT 2024"]
[Source "ChessBase"]
[SourceDate "2023.10.10"]
[SourceVersion "1"]
[SourceVersionDate "2023.10.10"]
[SourceQuality "1"]

1. e4 c5 2. Nc3 Nc6 3. g3 g6 4. Bg2 Bg7 5. d3 d6 6. Nf3 Bg4 7. h3 Bxf3 8. Bxf3 Rb8 9. 0-0 b5 10. Nd5 e6 11. Ne3 Nge7 12. Bg2 0-0 13. f4 f5 14. g4 Qd7 15. c3 d5 16. gxf5 gxf5 17. e5 d4 18. Nc2 Rfd8 19. cxd4 Nxd4 20. Be3 Nd5 21. Bxd4 cxd4 22. Bxd5 Qxd5 23. Nb4 Qb7 24. Rc1 Rbc8 25. Qb3 Kf7 26. Rxc8 Rxc8 27. Kh2 a5 0-1

[Event "Biella op 6th"]
[Site "Biella"]
[Date "2015.09.27"]
[Round "5"]
[White "Rossini, Fulvio"]
[Black "Autino, Massimiliano"]
[Result "1-0"]
[WhiteElo "1964"]
[BlackElo "1924"]
[PlyCount "79"]
[EventDate "2015.09.25"]
[EventType "swiss"]
[EventRounds "5"]
[EventCountry "ITA"]
[SourceTitle "EXT 2016"]
[Source "ChessBase"]
[SourceDate "2015.10.08"]
[SourceVersion "1"]
[SourceVersionDate "2015.10.08"]
[SourceQuality "1"]

1. e4 c5 2. Nc3 a6 3. g3 b5 4. Bg2 Bb7 5. d3 d6 6. Nf3 Nf6 7. 0-0 g6 8. h3 Bg7 9. Be3 0-0 10. e5 Nd5 11. Nxd5 Bxd5 12. c3 Nd7 13. e6 Bxe6 14. Ng5 Rb8 15. Nxe6 fxe6 16. Qg4 Rf5 17. d4 cxd4 18. cxd4 Nf6 19. Qe2 Nd5 20. h4 Qb6 21. Rad1 Nxe3 22. Qxe3 e5 23. Bh3 exd4 24. Qb3+ Kh8 25. Bxf5 gxf5 26. Qe6 f4 27. Rd3 Bf6 28. Rc1 Qb7 29. Kh2 fxg3+ 30. fxg3 Rg8 31. Kh3 Be5 32. g4 Qe4 33. Qf5 Qe2 34. g5 h5 35. Rh1 Kg7 36. Rf3 Qc4 37. Rc1 Qxa2 38. Rc7 Re8 39. Rxe7+ Rxe7 40. Qf8+ 1-0

[Event "Biella op 6th"]
[Site "Biella"]
[Date "2015.09.26"]
[Round "3"]
[White "Rossini, Fulvio"]
[Black "Molina, Fabrizio"]
[Result "1/2-1/2"]
[WhiteElo "1964"]
[BlackElo "2206"]
[PlyCount "77"]
[EventDate "2015.09.25"]
[EventType "swiss"]
[EventRounds "5"]
[EventCountry "ITA"]
[SourceTitle "EXT 2016"]
[Source "ChessBase"]
[SourceDate "2015.10.08"]
[SourceVersion "1"]
[SourceVersionDate "2015.10.08"]
[SourceQuality "1"]

1. e4 e6 2. d4 d5 3. e5 c5 4. c3 Ne7 5. Nf3 Nbc6 6. a3 Nf5 7. b4 cxd4 8. cxd4 Bd7 9. Bb2 Qb6 10. g4 Nfe7 11. Nbd2 Nd8 12. Nb3 Ba4 13. Qd3 Bxb3 14. Qxb3 Ng6 15. Qe3 Rc8 16. Bd3 Nc6 17. Rc1 Be7 18. h4 Qd8 19. h5 Nf8 20. g5 a5 21. b5 Na7 22. Rxc8 Nxc8 23. Qd2 Nd7 24. Rg1 Qb6 25. Bc3 Bxa3 26. Bxa5 Qa7 27. Qc3 b6 28. Qxc8+ Ke7 29. Qxh8 Qxa5+ 30. Ke2 Bb2 31. Qxg7 Qa2 32. Ke3 Nc5 33. g6 hxg6 34. hxg6 Nxd3 35. Qxf7+ Kd8 36. g7 Bc1+ 37. Rxc1 Qxf2+ 38. Kxd3 Qd2+ 39. Kxd2 1/2-1/2

[Event "Crema op 16th"]
[Site "Crema"]
[Date "2015.09.05"]
[Round "3"]
[White "Rossini, Fulvio"]
[Black "Grillo, Francesco"]
[Result "1-0"]
[WhiteElo "1964"]
[BlackElo "1806"]
[PlyCount "57"]
[EventDate "2015.09.04"]
[EventType "swiss"]
[EventRounds "6"]
[EventCountry "ITA"]
[SourceTitle "EXT 2024"]
[Source "ChessBase"]
[SourceDate "2023.10.10"]
[SourceVersion "1"]
[SourceVersionDate "2023.10.10"]
[SourceQuality "1"]

1. e4 Nf6 2. Nc3 d5 3. e5 Ne4 4. d4 Nxc3 5. bxc3 Bf5 6. h4 h6 7. g4 Bh7 8. e6 fxe6 9. Bd3 g6 10. Rb1 b6 11. Nf3 Bg7 12. Bf4 0-0 13. Qd2 Nd7 14. Ne5 Nxe5 15. dxe5 Rf7 16. Bxh6 Bxe5 17. h5 Rf6 18. f4 Bd6 19. hxg6 Bxg6 20. f5 Bg3+ 21. Kd1 Qd6 22. fxg6 Rf2 23. Qe3 d4 24. Qxd4 Qxd4 25. cxd4 Rd8 26. Be3 Rf3 27. Ke2 Rdf8 28. Be4 R3f6 29. g5 1-0

[Event "Crema op 16th"]
[Site "Crema"]
[Date "2015.09.04"]
[Round "1"]
[White "Biava, Pierluigi"]
[Black "Rossini, Fulvio"]
[Result "0-1"]
[WhiteElo "1572"]
[BlackElo "1964"]
[PlyCount "30"]
[EventDate "2015.09.04"]
[EventType "swiss"]
[EventRounds "6"]
[EventCountry "ITA"]
[SourceTitle "EXT 2024"]
[Source "ChessBase"]
[SourceDate "2023.10.10"]
[SourceVersion "1"]
[SourceVersionDate "2023.10.10"]
[SourceQuality "1"]

1. d4 Nf6 2. c4 g6 3. Nc3 Bg7 4. e4 d6 5. f3 b6 6. Be3 c5 7. Qa4+ Bd7 8. Qc2 cxd4 9. Bxd4 Nc6 10. Be3 0-0 11. a3 Rc8 12. Rc1 Ne5 13. b3 a6 14. Qf2 Rb8 15. Nge2 Nd3+ 0-1

[Event "Crema op 16th"]
[Site "Crema"]
[Date "2015.09.04"]
[Round "2"]
[White "Lazic, Miroljub"]
[Black "Rossini, Fulvio"]
[Result "1-0"]
[WhiteElo "2466"]
[BlackElo "1964"]
[PlyCount "45"]
[EventDate "2015.09.04"]
[EventType "swiss"]
[EventRounds "6"]
[EventCountry "ITA"]
[SourceTitle "EXT 2024"]
[Source "ChessBase"]
[SourceDate "2023.10.10"]
[SourceVersion "1"]
[SourceVersionDate "2023.10.10"]
[SourceQuality "1"]

1. g3 Nf6 2. Bg2 g6 3. e4 d6 4. d4 Bg7 5. Nc3 0-0 6. h3 Nbd7 7. Be3 e5 8. Nge2 Re8 9. Qd2 exd4 10. Bxd4 Ne5 11. b3 Bd7 12. 0-0 Qc8 13. g4 Bc6 14. Ng3 Re7 15. f4 Nexg4 16. hxg4 Qxg4 17. Qf2 Nxe4 18. Ncxe4 Bxe4 19. Bxg7 Bxg2 20. Bf6 Bxf1 21. Bxe7 Bb5 22. Kh2 Re8 23. Ne4 1-0

[Event "Como Province-ch"]
[Site "Erba"]
[Date "2015.01.25"]
[Round "6"]
[White "Rossini, Fulvio"]
[Black "Falchi, Claudio"]
[Result "1/2-1/2"]
[WhiteElo "1984"]
[BlackElo "1852"]
[PlyCount "33"]
[EventDate "2015.01.17"]
[EventType "swiss"]
[EventRounds "6"]
[EventCountry "ITA"]
[SourceTitle "EXT 2017"]
[Source "ChessBase"]
[SourceDate "2016.10.25"]
[SourceVersion "1"]
[SourceVersionDate "2016.10.25"]
[SourceQuality "1"]

1. e4 e6 2. d3 d5 3. Nd2 c5 4. Ngf3 Nc6 5. g3 g6 6. Bg2 Bg7 7. 0-0 Nge7 8. c3 b6 9. Re1 a5 10. exd5 Nxd5 11. d4 cxd4 12. Nxd4 Nxd4 13. cxd4 Bb7 14. Nc4 0-0 15. Ne5 Rc8 16. Bd2 Qd6 17. h4 1/2-1/2

[Event "Biella op"]
[Site "Biella"]
[Date "2014.09.28"]
[Round "4"]
[White "Montilli, Vincenzo"]
[Black "Rossini, Fulvio"]
[Result "1-0"]
[WhiteElo "2129"]
[BlackElo "1930"]
[PlyCount "111"]
[EventDate "2014.09.26"]
[EventType "swiss"]
[EventRounds "5"]
[EventCountry "ITA"]
[SourceTitle "EXT 2016"]
[Source "ChessBase"]
[SourceDate "2015.10.08"]
[SourceVersion "1"]
[SourceVersionDate "2015.10.08"]
[SourceQuality "1"]

1. Nf3 Nf6 2. c4 d6 3. d4 g6 4. Nc3 Bg7 5. g3 0-0 6. Bg2 c6 7. 0-0 Re8 8. h3 Qc7 9. Be3 e5 10. dxe5 dxe5 11. Qa4 Be6 12. Rfd1 Nbd7 13. Nd2 Nb6 14. Qa5 Qc8 15. Bxb6 axb6 16. Qxb6 Bxh3 17. Nde4 Nxe4 18. Nxe4 Bxg2 19. Kxg2 Qg4 20. f3 Qe6 21. c5 f5 22. Nd6 Re7 23. e4 fxe4 24. fxe4 Qg4 25. Qb3+ Kh8 26. Rf1 h5 27. Qf3 Qxf3+ 28. Rxf3 Kg8 29. Rb3 Rb8 30. a4 Rd7 31. a5 Bf8 32. Nc4 Bxc5 33. Nxe5 Rd6 34. Nd3 Ba7 35. e5 Re6 36. Re1 g5 37. Rf1 Kg7 38. g4 hxg4 39. Kg3 Kg6 40. Kxg4 Rd8 41. Rf3 Rd4+ 42. Kg3 Rd7 43. Rb4 Bd4 44. Kg4 Ba7 45. Re4 Rd4 46. Rxd4 Bxd4 47. Rf5 Be3 48. Ne1 c5 49. Nf3 Ra6 50. Nxg5 Bxg5 51. Rxg5+ Kf7 52. Kf5 c4 53. e6+ Kf8 54. Kf6 Rc6 55. Rb5 Rc7 56. a6 1-0

[Event "Bratto op-B 34th"]
[Site "Bratto"]
[Date "2014.08.30"]
[Round "8"]
[White "Rossini, Fulvio"]
[Black "Dubois, Martine"]
[Result "0-1"]
[WhiteElo "1930"]
[BlackElo "2003"]
[PlyCount "138"]
[EventDate "2014.08.23"]
[EventType "swiss"]
[EventRounds "8"]
[EventCountry "ITA"]
[SourceTitle "EXT 2017"]
[Source "ChessBase"]
[SourceDate "2016.10.25"]
[SourceVersion "1"]
[SourceVersionDate "2016.10.25"]
[SourceQuality "1"]

1. e4 d5 2. exd5 Qxd5 3. Nc3 Qd6 4. Nf3 Nf6 5. Bc4 Nc6 6. h3 Bf5 7. d3 a6 8. a3 h6 9. Be3 e5 10. Qd2 Nd4 11. 0-0-0 Nxf3 12. gxf3 b5 13. Bb3 b4 14. axb4 Qxb4 15. Ne4 a5 16. Qxb4 axb4 17. Nxf6+ gxf6 18. Kd2 Bd6 19. h4 h5 20. Ra1 Ke7 21. Bd5 Rxa1 22. Rxa1 Rg8 23. Ke2 Bd7 24. Ra8 Rxa8 25. Bxa8 c6 26. Bb7 f5 27. f4 exf4 28. Bd2 Ke6 29. Kf3 Be7 30. Kxf4 Bxh4 31. Kf3 Be7 32. Bf4 Bf6 33. Bd2 Bxb2 34. Bxb4 h4 35. Bd2 Be5 36. Kg2 f4 37. Kh3 Kf5 38. Kxh4 Kg6 39. Bxf4 Bxf4 40. d4 Bc7 41. c4 Bb6 42. c5 Bc7 43. d5 cxd5 44. Bxd5 f5 45. Kh3 Kg5 46. Kg2 Kf4 47. Kf1 Bb5+ 48. Kg2 Ke5 49. Bf3 f4 50. Bg4 Bc6+ 51. f3 Be8 52. Kf2 Kd5 53. Ke2 Kxc5 54. Bf5 Bb5+ 55. Kf2 Bc6 56. Bg4 Bb6 57. Bh5 Kd4 58. Bg6 Kc3+ 59. Kg2 Kd2 60. Bh5 Ke3 61. Bg4 Be8 62. Bf5 Bc6 63. Bg4 Ke2 64. Bh5 Ke1 65. Bf7 Bb5 66. Kh3 Kf2 67. Kg4 Bc7 68. Bd5 Bd7+ 69. Kg5 Kg3 0-1

[Event "Milan Befana op-B"]
[Site "Milan"]
[Date "2014.01.05"]
[Round "5"]
[White "Mazzoccoli, Simone"]
[Black "Rossini, Fulvio"]
[Result "0-1"]
[WhiteElo "1766"]
[BlackElo "1766"]
[PlyCount "41"]
[EventDate "2014.01.02"]
[EventType "swiss"]
[EventRounds "7"]
[EventCountry "ITA"]
[SourceTitle "EXT 2015"]
[Source "ChessBase"]
[SourceDate "2014.11.20"]
[SourceVersion "1"]
[SourceVersionDate "2014.11.20"]
[SourceQuality "1"]

1. e4 e6 2. d4 d5 3. e5 c5 4. c3 Nc6 5. Nf3 Qb6 6. Be2 Bd7 7. 0-0 Nge7 8. dxc5 Qxc5 9. Na3 Ng6 10. Be3 Qa5 11. Qb3 Rb8 12. Nb5 Be7 13. Nxa7 Nxa7 14. Bb6 Ba4 15. Bxa5 Bxb3 16. axb3 Nc6 17. c4 Nf4 18. Bd1 Ra8 19. b4 Bxb4 20. Bxb4 Rxa1 21. cxd5 0-1

[Event "Milan Befana op-B"]
[Site "Milan"]
[Date "2014.01.05"]
[Round "4"]
[White "Rossini, Fulvio"]
[Black "Rinaldo, Andrea"]
[Result "1-0"]
[WhiteElo "1766"]
[BlackElo "1748"]
[PlyCount "103"]
[EventDate "2014.01.02"]
[EventType "swiss"]
[EventRounds "7"]
[EventCountry "ITA"]
[SourceTitle "EXT 2015"]
[Source "ChessBase"]
[SourceDate "2014.11.20"]
[SourceVersion "1"]
[SourceVersionDate "2014.11.20"]
[SourceQuality "1"]

1. e4 d5 2. exd5 Qxd5 3. Nc3 Qa5 4. h3 Nf6 5. Nf3 Bf5 6. Bc4 e6 7. d3 c6 8. 0-0 Bd6 9. Re1 0-0 10. a3 Nbd7 11. Bd2 Qc7 12. Nh4 Bg6 13. Nxg6 hxg6 14. Bg5 Qa5 15. Bxf6 Nxf6 16. Ne4 Nxe4 17. Rxe4 Qf5 18. Qd2 Rad8 19. Rae1 Bc7 20. Rxe6 Rd4 21. R6e4 Qf6 22. Rxd4 Qxd4 23. c3 Qd6 24. g3 Rd8 25. Re3 Bb6 26. Rf3 Rd7 27. Qf4 Qxf4 28. Rxf4 Re7 29. Re4 Rxe4 30. dxe4 Kf8 31. Kf1 Ke7 32. Ke2 Bc7 33. f4 g5 34. Kf3 gxf4 35. gxf4 Kf6 36. h4 Bb6 37. b4 c5 38. Bd5 cxb4 39. axb4 a5 40. Bxb7 axb4 41. cxb4 Kg6 42. e5 Kf5 43. Bc8+ Kg6 44. f5+ Kh5 45. Kf4 Bc7 46. Ke4 Kxh4 47. b5 Kg5 48. Bd7 f6 49. e6 Bd8 50. Be8 Bc7 51. Bg6 Kg4 52. e7 1-0

[Event "Como Province-ch"]
[Site "Villa Guardia"]
[Date "2013.01.27"]
[Round "6"]
[White "Crippa, Matteo"]
[Black "Rossini, Fulvio"]
[Result "1-0"]
[WhiteElo "1486"]
[BlackElo "1718"]
[PlyCount "71"]
[EventDate "2013.01.19"]
[EventType "swiss"]
[EventRounds "6"]
[EventCountry "ITA"]
[SourceTitle "EXT 2014"]
[Source "ChessBase"]
[SourceDate "2013.11.20"]
[SourceVersion "1"]
[SourceVersionDate "2013.11.20"]
[SourceQuality "1"]

1. d4 d5 2. c4 e6 3. Nf3 c6 4. Bf4 Nf6 5. Nc3 Be7 6. e3 0-0 7. Bd3 Nbd7 8. cxd5 exd5 9. 0-0 Re8 10. Qc2 h6 11. a3 Nh5 12. Bg3 Nxg3 13. hxg3 Nf6 14. Ne5 Ng4 15. f4 Nxe3 16. Qe2 Nxf1 17. Rxf1 Bd6 18. Qh5 Bxe5 19. fxe5 Be6 20. Ne2 Qg5 21. Qf3 Rf8 22. Nf4 Qg4 23. Qe3 Qg5 24. Qf2 Rac8 25. b4 Ra8 26. Kh2 Bd7 27. Bb1 Bf5 28. Ba2 Bg6 29. b5 Be4 30. bxc6 bxc6 31. Rc1 Rac8 32. Rc5 Qf5 33. Qe3 Bb1 34. Bb3 Bc2 35. Bxc2 Qxc2 36. Rxc2 1-0

[Event "Como Province-ch"]
[Site "Villa Guardia"]
[Date "2013.01.19"]
[Round "1"]
[White "Rossini, Fulvio"]
[Black "Cairoli, Fabio"]
[Result "1-0"]
[WhiteElo "1718"]
[BlackElo "1386"]
[PlyCount "100"]
[EventDate "2013.01.19"]
[EventType "swiss"]
[EventRounds "6"]
[EventCountry "ITA"]
[SourceTitle "EXT 2014"]
[Source "ChessBase"]
[SourceDate "2013.11.20"]
[SourceVersion "1"]
[SourceVersionDate "2013.11.20"]
[SourceQuality "1"]

1. e4 e6 2. d4 c5 3. c3 Nc6 4. Nf3 d6 5. dxc5 d5 6. exd5 exd5 7. Be3 Nf6 8. h3 g6 9. Bd3 Bg7 10. 0-0 0-0 11. Nbd2 Bd7 12. Nb3 Re8 13. Nbd4 a6 14. Re1 Qc7 15. Nb3 Rad8 16. Nfd4 Na7 17. Qf3 Rc8 18. Bg5 Ne4 19. Bxe4 Bxd4 20. cxd4 dxe4 21. Rxe4 Bf5 22. Re3 Nb5 23. Rae1 Qd7 24. Rxe8+ Rxe8 25. Rxe8+ Qxe8 26. Qe3 Qd7 27. Qe5 Nc7 28. Bh6 Ne8 29. Bg5 Be6 30. Nc1 Qc6 31. b3 Bd5 32. Qg3 f6 33. Be3 f5 34. Nd3 Ng7 35. Nb4 Qd7 36. Nxd5 Qxd5 37. Qe5 Qd7 38. d5 Ne8 39. Bd4 Nc7 40. Qh8+ Kf7 41. Qxh7+ Ke8 42. Qxg6+ Kd8 43. Qd6 Qxd6 44. cxd6 Nxd5 45. h4 Kd7 46. h5 Kxd6 47. h6 Ne7 48. h7 Ng6 49. h8Q Nxh8 50. Bxh8 Kc5 1-0

[Event "Como Province-ch"]
[Site "Como"]
[Date "2012.01.29"]
[Round "5"]
[White "Nastasi, Ivano"]
[Black "Rossini, Fulvio"]
[Result "1/2-1/2"]
[WhiteElo "1713"]
[BlackElo "1616"]
[PlyCount "90"]
[EventDate "2012.01.21"]
[EventType "swiss"]
[EventRounds "6"]
[EventCountry "ITA"]
[SourceTitle "EXT 2024"]
[Source "ChessBase"]
[SourceDate "2023.10.10"]
[SourceVersion "1"]
[SourceVersionDate "2023.10.10"]
[SourceQuality "1"]

1. d4 Nf6 2. c4 g6 3. Nc3 Bg7 4. e4 d6 5. Nf3 0-0 6. Bg5 Re8 7. Be2 h6 8. Bh4 Nbd7 9. 0-0 e5 10. dxe5 Nxe5 11. Nxe5 dxe5 12. Qxd8 Rxd8 13. Bxf6 Bxf6 14. Nd5 Kg7 15. Nxc7 Rb8 16. Rfd1 Be6 17. Nxe6+ fxe6 18. Rxd8 Rxd8 19. Rd1 Rd4 20. f3 Kf7 21. Kf2 Be7 22. Ke1 Bb4+ 23. Kf1 Bc5 24. g3 Ke7 25. a3 a5 26. Ke1 Rxd1+ 27. Kxd1 Bg1 28. h3 Bf2 29. g4 Kf6 30. b4 axb4 31. axb4 b6 32. Bd3 Kg5 33. Ke2 Bd4 34. Kf1 Kf4 35. Kg2 Ke3 36. Bf1 Bc3 37. c5 bxc5 38. bxc5 Kd4 39. c6 Ba5 40. Bb5 g5 41. Kg3 Be1+ 42. Kg2 Ba5 43. c7 Bxc7 44. Bd7 Kd3 45. Bxe6 Ba5 1/2-1/2

[Event "Como Province-ch"]
[Site "Villa Guardia"]
[Date "2010.01.23"]
[Round "2"]
[White "Coppola, Guido"]
[Black "Rossini, Fulvio"]
[Result "1/2-1/2"]
[WhiteElo "1981"]
[BlackElo "1455"]
[PlyCount "112"]
[EventDate "2010.01.23"]
[EventType "swiss"]
[EventRounds "6"]
[EventCountry "ITA"]
[SourceTitle "EXT 2024"]
[Source "ChessBase"]
[SourceDate "2023.10.10"]
[SourceVersion "1"]
[SourceVersionDate "2023.10.10"]
[SourceQuality "1"]

1. e4 e5 2. Nf3 Nc6 3. Bc4 Bc5 4. 0-0 d6 5. c3 Bg4 6. b4 Bb6 7. d3 Nf6 8. a4 a5 9. b5 Ne7 10. Bg5 Ng6 11. Nbd2 h6 12. Be3 Bxe3 13. fxe3 0-0 14. d4 Re8 15. h3 Bxf3 16. Qxf3 c6 17. bxc6 bxc6 18. Rab1 Rb8 19. d5 Rxb1 20. Nxb1 Qd7 21. dxc6 Qc7 22. Bd5 Ne7 23. Na3 Nxc6 24. Nb5 Qd7 25. Rd1 Rd8 26. Bb3 Qe7 27. Qf1 Ne8 28. Qc4 Na7 29. Qxf7+ Qxf7 30. Bxf7+ Kxf7 31. Nxa7 Ke6 32. c4 Nf6 33. Nc6 Ra8 34. c5 Nxe4 35. cxd6 Nxd6 36. Rb1 Nc4 37. Rb3 Kd5 38. Rc3 Nb6 39. Kf2 Nxa4 40. Ra3 Kxc6 41. Rxa4 Kb5 42. Ra1 Ra7 43. Kf3 a4 44. Ke4 a3 45. Kxe5 Kc4 46. Kd6 Kb3 47. e4 Kb2 48. Re1 a2 49. e5 a1Q 50. Rxa1 Rxa1 51. e6 Re1 52. e7 Kc3 53. Kd7 Kd4 54. h4 Kd5 55. g4 Rxe7+ 56. Kxe7 Ke5 1/2-1/2